Los fundamentos del acto jurídico: derecho romano privado

Tallennettuna:
Bibliografiset tiedot
Päätekijä: Raveau Soules, Rafael (autor)
Aineistotyyppi: Kirja
Kieli:espanja
Julkaistu: Santiago Universidad de Chile 1948
Aiheet:
Tagit: Lisää tagi
Ei tageja, Lisää ensimmäinen tagi!

MARC

LEADER 00000cam a2200000 a 4500
001 UCF0530
003 CL-VaPUC
008 120531e19480000CL |||||||||||||||||spa|d
082 0 4 |a 340.1  |b RAV  |2 21 
100 |a Raveau Soules, Rafael  |e autor  |9 568426 
245 1 4 |a Los fundamentos del acto jurídico: derecho romano privado 
300 |a 56 p 
942 |c BK 
945 |d 20120531 00:00:00  |a cmena 
260 |a Santiago  |b Universidad de Chile  |c 1948 
650 0 |a Filosofía del derecho   |9 255050 
650 0 |a Actos jurídicos  |9 255748 
650 0 |a Derecho romano  |9 255930 
583 |a last modification  |c 20180511 12:26:37  |k Rodrigo Vera 
999 |c 347787  |d 347785 
952 |0 0  |1 0  |2 ddc  |4 0  |6 340_100000000000000_RAV_1948  |7 0  |8 A  |9 449403  |a BIBDER  |b BIBDER  |d 2019-11-22  |i 4851447  |o 340.1 RAV 1948  |p 4851447  |r 2023-01-25  |w 2019-11-22  |y MX  |k DER